Hymne de l'univers.: (رقم التسجيلة. 154301)

تفاصيل مارك
000 -LEADER
fixed length control field 00961cam a22002891i 4500
008 - FIXED-LENGTH DATA ELEMENTS--GENERAL INFORMATION
fixed length control field 760427s1966 fr 000 0 fre
010 ## - LIBRARY OF CONGRESS CONTROL NUMBER
LC control number 67085774
040 ## - CATALOGING SOURCE
Original cataloging agency DLC
Transcribing agency ODaU
Modifying agency DLC
Transcribing agency EG-GiCUC
050 00 - LIBRARY OF CONGRESS CALL NUMBER
Classification number B2430.T373
Item number H9 1966
082 ## - DEWEY DECIMAL CLASSIFICATION NUMBER
Classification number 210/.8
092 04 - LOCALLY ASSIGNED DEWEY CALL NUMBER (OCLC)
Classification number 273.52
Item number T264
Edition number 21
099 ## - LOCAL FREE-TEXT CALL NUMBER (OCLC)
Classification number 04
-- 273.52 T264
100 0# - MAIN ENTRY--PERSONAL NAME
Personal name Teilhard de Chardin, Pierre
245 10 - TITLE STATEMENT
Title Hymne de l'univers.:
Remainder of title La Messe sur le monde. Trois histoires comme Benson. La Puissance spirituelle de la matiere. Pensees choisies par Fernande Tardivel./
Statement of responsibility, etc. PierreTeilhard de Chardin
260 ## - PUBLICATION, DISTRIBUTION, ETC.
Place of publication, distribution, etc. Paris:
Name of publisher, distributor, etc. Editions du Seuil,
Date of publication, distribution, etc. 1966.
300 ## - PHYSICAL DESCRIPTION
Extent 169 p.;
Dimensions 18 cm.
490 0# - SERIES STATEMENT
Series statement Livre de vie ;
Volume/sequential designation 61-62
500 ## - GENERAL NOTE
General note Cover illustrated in color.
650 #0 - SUBJECT ADDED ENTRY--TOPICAL TERM
Topical term or geographic name entry element Cosmology.
650 #0 - SUBJECT ADDED ENTRY--TOPICAL TERM
Topical term or geographic name entry element Creation.
650 #0 - SUBJECT ADDED ENTRY--TOPICAL TERM
Topical term or geographic name entry element Mysticism
General subdivision Catholic Church.
902 ## - LOCAL DATA ELEMENT B, LDB (RLIN)
No. of Items 1
905 ## - LOCAL DATA ELEMENT E, LDE (RLIN)
Cataloger Ghada
Reviser Cat.
905 ## - LOCAL DATA ELEMENT E, LDE (RLIN)
Cataloger Jihan
Reviser Rev
942 ## - ADDED ENTRY ELEMENTS (KOHA)
Source of classification or shelving scheme Dewey Decimal Classification
Koha item type Books
المقتنيات
Source of classification or shelving scheme Not for loan Home library Current library Date acquired Full call number Barcode Date last seen Copy number Koha item type
Dewey Decimal Classification   المكتبة المركزبة الجديدة - جامعة القاهرة قاعة الثقاقات الاجنبية - الدور الثالث 11.02.2024 273.52 T264 Fre. 01000110204314000 05.07.2024 C.1 Books
Cairo University Libraries Portal Implemented & Customized by: Eng. M. Mohamady Contacts: new-lib@cl.cu.edu.eg | cnul@cl.cu.edu.eg
CUCL logo CNUL logo
© All rights reserved — Cairo University Libraries
CUCL logo
Implemented & Customized by: Eng. M. Mohamady Contact: new-lib@cl.cu.edu.eg © All rights reserved — New Central Library
CNUL logo
Implemented & Customized by: Eng. M. Mohamady Contact: cnul@cl.cu.edu.eg © All rights reserved — Cairo National University Library